[Event "San Sebastian de los Reyes op 19th"]
[Site "San Sebastian"]
[Date "2017.12.03"]
[Round "2"]
[White "Rial Rodriguez, Marta"]
[Black "Martinez Miura, Enrique"]
[Result "1-0"]
[WhiteElo "1509"]
[BlackElo "1643"]
[PlyCount "43"]
[EventDate "2017.12.02"]
[EventType "swiss"]
[EventRounds "9"]
[EventCountry "ESP"]
[SourceTitle "CBM 182 Extra"]
[Source "ChessBase"]
[SourceDate "2018.02.23"]
[SourceVersion "1"]
[SourceVersionDate "2018.02.23"]
[SourceQuality "1"]

1. e4 e6 2. d4 d5 3. e5 c5 4. c3 cxd4 5. cxd4 Bb4+ 6. Bd2 Bxd2+ 7. Qxd2 Ne7 8. Nf3 0-0 9. Be2 Nbc6 10. 0-0 Qb6 11. a3 Na5 12. Ra2 Nac6 13. b4 Nf5 14. Rd1 Bd7 15. Nc3 Rfc8 16. Na4 Qd8 17. Nc5 a6 18. Nxb7 Qe7 19. Nc5 Rcb8 20. Nxa6 Rb6 21. Nc5 h6 22. g4 1-0

[Event "Tres Cantos op 9th"]
[Site "Tres Cantos"]
[Date "2017.06.26"]
[Round "5"]
[White "Rial Rodriguez, Marta"]
[Black "Galan Aguado, Fernando"]
[Result "0-1"]
[WhiteElo "1441"]
[BlackElo "1689"]
[PlyCount "100"]
[EventDate "2017.06.22"]
[EventType "swiss"]
[EventRounds "9"]
[EventCountry "ESP"]
[SourceTitle "EXT 2019"]
[Source "ChessBase"]
[SourceDate "2018.10.10"]
[SourceVersion "1"]
[SourceVersionDate "2018.10.10"]
[SourceQuality "1"]

1. e4 e6 2. d4 d5 3. e5 c5 4. c3 Qb6 5. a3 Nc6 6. Nf3 c4 7. Be2 Bd7 8. 0-0 Na5 9. Nbd2 h6 10. Rb1 0-0-0 11. b3 Nxb3 12. Nxb3 Ba4 13. Nfd2 Qc7 14. Qe1 cxb3 15. Nxb3 Kb8 16. Bd1 Bb5 17. Be2 Bxe2 18. Qxe2 Qxc3 19. Qb5 Qc4 20. Qxc4 dxc4 21. Na5 Rd7 22. Nxc4 Rxd4 23. Nd6 Bxd6 24. exd6 f6 25. Bf4 e5 26. Rfd1 Rxd1+ 27. Rxd1 Kc8 28. Be3 b6 29. Bd2 Kd7 30. a4 h5 31. Bb4 Nh6 32. Rc1 Rc8 33. Rxc8 Kxc8 34. d7+ Kxd7 35. Bf8 Nf5 36. h3 g6 37. g4 hxg4 38. hxg4 Nd4 39. Kf1 Ne6 40. Bb4 Nc5 41. a5 Ke6 42. Ke2 Kd5 43. Ke3 Nb7 44. axb6 axb6 45. Be7 Ke6 46. Bb4 Nc5 47. f3 f5 48. gxf5+ gxf5 49. Kd2 Kd5 50. Ke3 Kc4 0-1

[Event "Madrid-ch U14 Girls"]
[Site "Madrid"]
[Date "2016.04.24"]
[Round "7.4"]
[White "Andrade Sandoval, Bianca"]
[Black "Rial Rodriguez, Marta"]
[Result "1-0"]
[WhiteElo "1732"]
[BlackElo "1481"]
[PlyCount "95"]
[EventDate "2016.04.16"]
[EventType "tourn"]
[EventRounds "7"]
[EventCountry "ESP"]
[SourceTitle "EXT 2024"]
[Source "ChessBase"]
[SourceDate "2023.10.10"]
[SourceVersion "1"]
[SourceVersionDate "2023.10.10"]
[SourceQuality "1"]

1. d4 Nf6 2. Nf3 g6 3. Bf4 Bg7 4. e3 0-0 5. Nbd2 d6 6. h3 Re8 7. Be2 Nbd7 8. c3 e5 9. dxe5 dxe5 10. Bh2 c5 11. Qc2 b6 12. Ne4 Nxe4 13. Qxe4 Rb8 14. Rd1 Qe7 15. Bb5 a6 16. Bc6 Qe6 17. Qd5 Nf6 18. Qxe6 Rxe6 19. Rd8+ Bf8 20. Nxe5 b5 21. Bd7 Bxd7 22. Rxb8 Be8 23. Ng4 Nd7 24. Rc8 h5 25. 0-0 hxg4 26. hxg4 Kg7 27. Rd1 Kf6 28. Rxe8 Rxe8 29. Rxd7 Re4 30. g5+ Ke6 31. Ra7 Ra4 32. a3 b4 33. cxb4 cxb4 34. Bf4 bxa3 35. bxa3 Rxa3 36. Ra8 Ra1+ 37. Kh2 Bd6 38. Re8+ Kd7 39. Ra8 Bxf4+ 40. exf4 Ke6 41. g4 Ra2 42. Kg3 a5 43. Ra6+ Kd5 44. f5 gxf5 45. gxf5 Ra3+ 46. f3 Ra1 47. g6 fxg6 48. fxg6 1-0

[Event "Madrid-ch U14 Girls"]
[Site "Madrid"]
[Date "2016.04.23"]
[Round "5.3"]
[White "Perez Rodrigo, Alicia"]
[Black "Rial Rodriguez, Marta"]
[Result "0-1"]
[WhiteElo "1392"]
[BlackElo "1481"]
[PlyCount "112"]
[EventDate "2016.04.16"]
[EventType "tourn"]
[EventRounds "7"]
[EventCountry "ESP"]
[SourceTitle "EXT 2024"]
[Source "ChessBase"]
[SourceDate "2023.10.10"]
[SourceVersion "1"]
[SourceVersionDate "2023.10.10"]
[SourceQuality "1"]

1. d4 Nf6 2. c4 g6 3. Nc3 d5 4. Nf3 Bg7 5. Bg5 e6 6. e4 dxe4 7. Nxe4 Nbd7 8. Bd3 0-0 9. 0-0 b6 10. Ne5 Qe8 11. f4 Bb7 12. Nxd7 Nxd7 13. Bc2 Rc8 14. Qd2 Bxe4 15. Bxe4 c5 16. d5 Nf6 17. Rae1 Qd7 18. d6 Nxe4 19. Rxe4 Bd4+ 20. Rxd4 cxd4 21. Qxd4 f5 22. Re1 Rc6 23. Rd1 Rfc8 24. b3 a6 25. Be7 b5 26. cxb5 axb5 27. a4 bxa4 28. bxa4 Rc4 29. Qf6 Rxa4 30. g3 Rac4 31. Re1 Rc1 32. Rxc1 Rxc1+ 33. Kg2 Rc8 34. Kf3 Qb7+ 35. Ke3 Qb3+ 36. Kd4 Qb2+ 37. Kd3 Qxf6 38. Bxf6 Rc6 39. Be5 Kf7 40. Kd4 Ke8 41. Bf6 Rxd6+ 42. Ke5 Kd7 43. Bg7 Rd2 44. h3 Rg2 45. Kf6 Rxg3 46. h4 Rg4 47. Bh6 Rxh4 48. Kg7 Rh1 49. Kxh7 Kd6 50. Kxg6 Rxh6+ 51. Kxh6 Kd5 52. Kg5 Ke4 53. Kf6 Kxf4 54. Kxe6 Ke4 55. Kf6 f4 56. Kg5 f3 0-1

[Event "Madrid-ch U14 Girls"]
[Site "Madrid"]
[Date "2016.04.16"]
[Round "2.4"]
[White "Rial Rodriguez, Marta"]
[Black "Bermejo Calvo, Nora"]
[Result "1-0"]
[WhiteElo "1481"]
[BlackElo "1276"]
[PlyCount "61"]
[EventDate "2016.04.16"]
[EventType "tourn"]
[EventRounds "7"]
[EventCountry "ESP"]
[SourceTitle "EXT 2024"]
[Source "ChessBase"]
[SourceDate "2023.10.10"]
[SourceVersion "1"]
[SourceVersionDate "2023.10.10"]
[SourceQuality "1"]

1. e4 e6 2. d4 d5 3. e5 c5 4. c3 Nc6 5. Nf3 Bd7 6. a3 Qb6 7. b4 cxd4 8. cxd4 a6 9. Be3 Nh6 10. Bd3 Nf5 11. 0-0 Be7 12. Nc3 Nfxd4 13. Nxd4 Qc7 14. Nxc6 Bxc6 15. Bd4 b5 16. Re1 a5 17. Nxb5 Qb7 18. Nd6+ Bxd6 19. exd6 axb4 20. axb4 Qxb4 21. Rxa8+ Bxa8 22. Bxg7 Rg8 23. Bd4 Qxd6 24. Qa4+ Ke7 25. Qa7+ Qd7 26. Qxd7+ Kxd7 27. Bxh7 Rg5 28. Rd1 Kd6 29. f3 Rg7 30. Bxg7 f5 31. Re1 1-0